| 000 | 01162 a2200229 4500 | ||
|---|---|---|---|
| 003 | Nust | ||
| 005 | 20230516100651.0 | ||
| 010 | _a 83023848 | ||
| 020 | _a0070154031 (pbk.) : | ||
| 040 | _cNust | ||
| 082 | 0 | 0 | _a001.642,DAT |
| 100 |
_aMc Graw _9112352 |
||
| 245 | 0 | 0 | _aDatapro / McGraw-Hill Guide to Apple Software / |
| 260 |
_aDelran, NJ : _bDatapro Research Corp., _cc1983. |
||
| 300 |
_axii, 267 p. : _bill. ; _c28 cm. |
||
| 505 | _aIntroduction (Page-ix), Accounting (Page-1), Banking and Finance (Page-17), Data Communications (Page-38), Data Management and Database Management (Page-45), Education (Page-52), Graphics (Page-97),Management Sciences (Page-103), Mathematics and Statistics (Page-107), Medical and Health Care (Page-109), Payroll and personnel (Page-1170, Programming Language Processors (Page-119), Sales and Distribution (Page-124), Word Processing and Text Editing (Page-129), Miscellaneous Products (Page-140). | ||
| 650 | 0 |
_aApple computer _xProgramming. _996253 |
|
| 650 | 0 |
_aComputer programs _xPurchasing. _996254 |
|
| 710 | 2 |
_aDatapro Research Corporation. _996255 |
|
| 710 | 2 |
_aMcGraw-Hill, inc. _924830 |
|
| 942 |
_2ddc _cBKB |
||
| 999 |
_c176443 _d176443 |
||